Word Ladder: Canada Rejoices! Quiz Stats

Quiz Updated Nov 11, 2017

Challenge
Share
Tweet
Embed
Score 0/22 Timer 03:00
0 Plays Today
Hint 4-Letter Word % Correct
Voter surveyPOLL
92.4%
🍁 CREATED 🍁 🍁 MADE 🍁
92.4%
🍁 TOOTSIE ____ 🍁 🍁 ROLL 🍁
92.2%
11th PresidentPOLK
88.4%
🍁 OATES PARTNER 🍁 🍁 HALL (OF) 🍁
87.6%
DomesticateTAME
84.9%
🍁 SWAY BACK AND FORTH 🍁 🍁 ROCK (&) 🍁
83.9%
Billiards triangleRACK
83.6%
Leather & ____LACE
82.9%
SpouseMATE
82.3%
Fill a cargo shipLADE
82.1%
Hint 4-Letter Word % Correct
Kind of markPOCK
81.3%
🍁 'AFTER THE GOLD ____' 🍁 🍁 RUSH 🍁
80.2%
DearthLACK
78.8%
🍁 BOWIE/LENNON HIT 🍁 🍁 FAME 🍁
76.3%
'Skipper' actor, Alan ____HALE
75.7%
Despereaux has oneTALE
74.3%
Peter Gabriel's, 'Solsbury ____'HILL
71.7%
Deceptive ployRUSE
71.5%
StreamletRILL
69.8%
Inspirational figureMUSE
67.4%
Kind of swan or buttonMUTE
65.7%

Today's Daily Dose

Missing Word
NPR Programs

Quick Pick
1991 Events

On This Day
June 18th II

You're not logged in!

Compare scores with friends on all Sporcle quizzes.
Join for Free
OR
Log In

You Might Also Like...

Show Comments

Extras

Top Quizzes Today


Score Distribution

Your Account Isn't Verified!

In order to create a playlist on Sporcle, you need to verify the email address you used during registration. Go to your Sporcle Settings to finish the process.

Report this User

Report this user for behavior that violates our Community Guidelines.

Details: